000 00760nam a2200253Ia 4500
003 GCL
008 140319s9999 xx 000 0 ara d
040 _aGCL /
_cGCL
082 0 4 _a956.043324
_bش ط
100 1 _aشلومو فرنكل
245 1 0 _aطواغين المال والحكم فى اسرائيل /
_cشلومو فرنكل
700 1 _aشمشون بيخلر
700 1 _aمنشورات كاريم
260 _a[S.N] :
_bدار الفكر ،
_c1988
300 _a288 ص
490 _a
650 0 4 _aالمجتمع
650 0 4 _aالاحوال الاجتماعية
650 0 4 _aالاحوال السياسية
650 0 4 _aالسياسة المالية
650 0 4 _aاسرائيل
650 0 4 _aالتأمين
942 _2ddc
_cBK
999 _c54634
_d54634